000 00687nam a22002057a 4500
005 20251108172725.0
008 250721s2002 xx 000 0 ara d
082 1 4 _a813.95650098/نوا
100 1 _aالنوايسة، حكمت
_eمؤلف
245 1 0 _aالمآل :
_bدراسة تأويلية في نماذج من القصة القصيرة في الأردن /
264 1 _aعمان :
_bأزمنة للنشر والتوزيع،
_c2002.
300 _a141ص.
490 0 _a(دراسات نقد)
650 1 7 _aالأدب القصصي
650 1 7 _aالقصة القصيرة
650 1 7 _aالنقد الأدبي
650 1 7 _aالأردن
942 _2ddc
_cBK
999 _c86906
_d86906